000 01062cam a2200301 a 4500
001 354
003 BD-RjUL
005 20211208233150.0
008 880727r19961989ii 001 0 eng d
020 _a8120305795
035 _a(BD-RjUL)371
040 _aDLC
_cDLC
_dDLC
_dBD-RjUL
_beng
041 _aeng
082 0 0 _a005.133
_219
_bTOC 1996
100 1 _aTondo, Clovis L.
_91128
245 1 4 _aThe C answer book :
_bsolutions to the exercises in The C programming language, second edition, by Brian W. Kernighan and Dennis M. Ritchie /
_cClovis L. Tondo, Scott E. Gimpel.
250 _a2nd ed.
260 _aEnglewood Cliffs, N.J. :
_bPrentice Hall,
_cc1989 [Printing 1996]
300 _a208 p. ;
_c24 cm.
504 _aIncludes index.
650 0 _aC (Computer program language)
_xProblems, exercises, etc.
_91130
700 1 _aGimpel, Scott E.
_91131
700 1 _aKernighan, Brian W.
_tC programming language.
_91132
942 _2ddc
_cBK
_01
999 _c354
_d354